South Park Theme Song - Statistics

General Stats
  • This quiz has been taken 4,152 times
    4,080 since last reset
  • The average score is 48 of 61
Answer Stats
Hint Answer % Correct
Singer So
99%
Park
98%
Park
98%
Park
98%
park
98%
South
98%
South
98%
South
98%
South
98%
to
97%
to
97%
to
97%
to
97%
down
96%
down
96%
down
96%
down
96%
a
94%
everywhere
89%
faces
87%
Stan & Kyle Friendly
87%
Singer Going
86%
Singer Going
86%
have
86%
time
85%
without
84%
gonna
83%
gonna
83%
gonna
83%
my
83%
temptation
82%
folks
78%
I
78%
myself
78%
humble
77%
friends
76%
some
74%
of
73%
meet
72%
mine
72%
on
72%
and
71%
people
70%
come
69%
day
68%
night
68%
howdy
66%
or
64%
parking
63%
shouting
62%
neighbor
61%
leave
60%
behind
59%
see
59%
Cartman Ample
57%
unwind
57%
if
54%
woes
52%
can't
50%
Singer I'm
49%
heading
44%
No matching quizzes found
Score Distribution
Percent of People with Each Score
Percentile by Number Answered
Your Score History
You have not taken this quiz since the last reset